| 000 | 00427nam a2200145Ia 4500 | ||
|---|---|---|---|
| 003 | OSt | ||
| 005 | 20260127113459.0 | ||
| 008 | 211028s2017 xx 000 0 und d | ||
| 040 | _cAIMIT LIBRARY | ||
| 041 | _aeng | ||
| 100 |
_aRakshith, G M; Godwin, Benny. _g1516116 _97691 |
||
| 245 | _aStudy on problems and prospects of co operative marketing of arecanut / | ||
| 260 |
_aMangalore _bRavi Kudtarkar _c2017 |
||
| 942 |
_2ddc _cPRO |
||
| 999 |
_c219259 _d219259 |
||